000 00474nam a2200217Ia 4500
001 003985
003 YMCAF
005 20230512160241.0
008 100717s1971 ||||||||||||||||| ||und|d
024 _a3985
035 _a3990
040 _aYMCAF
_beng
_cIN-KoLT
041 _aeng
082 _a030
_bLOC
100 _aLock, Muriel
245 0 _aReference material for young people
260 _c1971
300 _a400
700 _aFrancis, Shelagh
942 _2ddc
_cBK
999 _c3174
_d3174